[Event "chess.com SpeedChess Q2Sw"]
[Site "chess.com INT"]
[Date "2022.11.12"]
[Round "1"]
[White "Vidit, Santosh Gujrathi"]
[Black "Atakishiyev, Elmar"]
[Result "0-1"]
[WhiteTitle "GM"]
[BlackTitle "FM"]
[WhiteElo "2724"]
[BlackElo "2303"]
[WhiteFideId "5029465"]
[BlackFideId "13410547"]
[EventDate "2022.11.12"]

1. Nf3 Nf6 2. g3 g6 3. Bg2 Bg7 4. d4 d5 5. O-O O-O 6. c4 dxc4 7. Na3 c3 8. bxc3
c5 9. Bb2 Nc6 10. Re1 Bf5 11. Nc4 Be4 12. Ncd2 Qa5 13. Nxe4 Nxe4 14. Qd3 Nd6 15.
e4 cxd4 16. cxd4 Qb5 17. Qxb5 Nxb5 18. e5 Rfd8 19. Red1 Rd7 20. d5 Nb4 21. Ng5
h6 22. Nxf7 Rc7 23. d6 exd6 24. exd6 Rxf7 25. Bxg7 Kxg7 26. d7 Rd8 27. Bh3 Nc6
28. Rab1 Nc3 0-1

[Event "chess.com SpeedChess Q2Sw"]
[Site "chess.com INT"]
[Date "2022.11.12"]
[Round "1"]
[White "Melkumyan, Hrant"]
[Black "Postnikov, Daniil"]
[Result "1-0"]
[WhiteTitle "GM"]
[BlackTitle "FM"]
[WhiteElo "2645"]
[BlackElo "2360"]
[WhiteFideId "13302485"]
[BlackFideId "4166329"]
[EventDate "2022.11.12"]

1. d4 Nf6 2. c4 g6 3. Nc3 Bg7 4. e4 d6 5. Be2 O-O 6. h4 c5 7. d5 b5 8. cxb5 a6
9. a4 axb5 10. Bxb5 Ba6 11. Bd2 Nbd7 12. Nge2 Qb6 13. O-O Rfb8 14. Ng3 Ne5 15.
Qe2 h5 16. b3 c4 17. bxc4 Rc8 18. c5 dxc5 19. f4 Neg4 20. e5 Bxb5 21. axb5 Rxa1
22. Rxa1 c4+ 23. Kf1 Nd7 24. e6 Nc5 25. exf7+ Kxf7 26. Re1 Bf6 27. f5 Qd6 28.
Nce4 Qe5 29. Ng5+ Bxg5 30. Qxe5 Nxe5 31. Bxg5 Ned7 32. Rxe7+ Kg8 33. fxg6 c3 34.
Nxh5 Rf8+ 35. Kg1 c2 36. Rg7+ Kh8 37. Rxd7 Nxd7 38. g7+ Kg8 39. gxf8=Q+ Kxf8 40.
Ng3 1-0

[Event "chess.com SpeedChess Q2Sw"]
[Site "chess.com INT"]
[Date "2022.11.12"]
[Round "1"]
[White "Lakshmi, C"]
[Black "Costachi, Mihnea"]
[Result "0-1"]
[WhiteTitle "WFM"]
[BlackTitle "IM"]
[WhiteElo "1956"]
[BlackElo "2476"]
[WhiteFideId "25035347"]
[BlackFideId "1217518"]
[EventDate "2022.11.12"]

1. e4 e5 2. Nf3 Nc6 3. Bb5 Nf6 4. O-O Nxe4 5. Re1 Nd6 6. Nxe5 Nxe5 7. Rxe5+ Be7
8. Bd3 O-O 9. Nc3 Bf6 10. Re1 g6 11. Nd5 Bg7 12. Bf1 Re8 13. Rxe8+ Nxe8 14. d4
c6 15. Nc3 d5 16. Bf4 Bf5 17. Ne2 Nd6 18. Ng3 Be6 19. c3 Ne4 20. Qb3 Nxg3 21.
Bxg3 Qb6 22. Qxb6 axb6 23. Bc7 b5 24. a3 Bf8 25. Re1 Rc8 26. Be5 Be7 27. Bd3 Re8
28. Bf4 Kg7 29. Be5+ f6 30. Bg3 Kf7 31. f4 h5 32. Kf2 Bd8 33. h3 Bc7 34. Bh2 Rg8
35. g3 Bxh3 36. Bg1 g5 37. f5 h4 38. gxh4 gxh4 39. Re3 Bg3+ 40. Ke2 Bg4+ 41. Kf1
Bf4 42. Re1 Bh3+ 43. Ke2 Rg2+ 44. Bf2 Bg3 45. Rf1 Rh2 46. Ke1 Bxf1 47. Bxg3 hxg3 0-1

[Event "chess.com SpeedChess Q2Sw"]
[Site "chess.com INT"]
[Date "2022.11.12"]
[Round "1"]
[White "Wagner, Dennis"]
[Black "Bouget, Alexandre"]
[Result "1-0"]
[WhiteTitle "GM"]
[BlackTitle "FM"]
[WhiteElo "2580"]
[BlackElo "2268"]
[WhiteFideId "24650684"]
[BlackFideId "681318"]
[EventDate "2022.11.12"]

1. e4 e5 2. Nf3 Nc6 3. Bc4 Bc5 4. c3 d6 5. d4 exd4 6. cxd4 Bb6 7. Bg5 Nf6 8. Nc3
h6 9. Bxf6 Qxf6 10. Nd5 Qg6 11. O-O Bg4 12. Nxb6 axb6 13. Kh1 O-O 14. Qd3 Bxf3
15. gxf3 Ra5 16. Rg1 Qh5 17. f4 Qh4 18. d5 Ne7 19. f5 Kh8 20. Rg3 Ng8 21. Rag1
Nf6 22. f3 Nh5 23. Rg4 Qf6 24. Qd2 g6 25. Qxh6+ Kg8 26. Qxh5 1-0

[Event "chess.com SpeedChess Q2Sw"]
[Site "chess.com INT"]
[Date "2022.11.12"]
[Round "1"]
[White "Santos Ruiz, Miguel"]
[Black "Kabanova, Ekaterina"]
[Result "1-0"]
[WhiteTitle "GM"]
[BlackTitle "WFM"]
[WhiteElo "2587"]
[BlackElo "2088"]
[WhiteFideId "22291482"]
[BlackFideId "24112917"]
[EventDate "2022.11.12"]

1. d4 c5 2. d5 e5 3. e4 a6 4. c4 d6 5. h4 Be7 6. g3 Nf6 7. Nc3 Bg4 8. f3 Bc8 9.
Be3 Nbd7 10. Nh3 h5 11. Ng5 Nf8 12. Be2 N6h7 13. Qc2 Bxg5 14. hxg5 g6 15. f4 Qe7
16. O-O-O Bd7 17. Qb3 b5 18. cxb5 axb5 19. Bxb5 Rb8 20. a4 Bxb5 21. Nxb5 Nd7 22.
g4 exf4 23. Bxf4 Ne5 24. gxh5 O-O 25. Qc3 Nxg5 26. Nxd6 Qxd6 27. Bxe5 Qb6 28.
hxg6 f6 29. a5 Qa6 30. g7 Kxg7 31. Rdg1 Kf7 32. Bxf6 Nxe4 33. Rh7+ Ke8 34. Re7+
Kd8 35. Re6+ Rxf6 36. Qxf6+ Nxf6 37. Rxa6 Nxd5 38. Rd6+ 1-0

[Event "chess.com SpeedChess Q2Sw"]
[Site "chess.com INT"]
[Date "2022.11.12"]
[Round "1"]
[White "Kleiman, Jake"]
[Black "Bluebaum, Matthias"]
[Result "0-1"]
[WhiteTitle "IM"]
[BlackTitle "GM"]
[WhiteElo "2399"]
[BlackElo "2651"]
[WhiteFideId "2020041"]
[BlackFideId "24651516"]
[EventDate "2022.11.12"]

1. e4 e6 2. d3 d5 3. Qe2 Nc6 4. Nf3 e5 5. g3 dxe4 6. dxe4 Nf6 7. Bg2 Bc5 8. O-O
O-O 9. Rd1 Qe7 10. h3 a5 11. c3 b6 12. a4 Ba6 13. Qe1 Rfd8 14. Rxd8+ Rxd8 15.
Bg5 h6 16. Bxf6 Qxf6 17. Nbd2 Qe6 18. Bf1 Bxf1 19. Qxf1 Ne7 20. Kg2 Qd7 21. Qc4
Ng6 22. Nb3 Be7 23. Nbd2 h5 24. Nf1 h4 25. Ne3 hxg3 26. fxg3 Bc5 27. Rd1 Qe8 28.
Rxd8 Qxd8 29. Qd5 Qe8 30. Ng4 Qxa4 31. Nfxe5 Qc2+ 32. Kf3 Nxe5+ 33. Nxe5 Qf2+
34. Kg4 Bd6 35. b3 g6 36. h4 Kg7 37. c4 Qe2+ 38. Kh3 Qf1+ 39. Kg4 f5+ 40. Kg5
Be7# 0-1

[Event "chess.com SpeedChess Q2Sw"]
[Site "chess.com INT"]
[Date "2022.11.12"]
[Round "1"]
[White "Bagrationi, Alexander"]
[Black "Kamsky, Gata"]
[Result "0-1"]
[WhiteTitle "GM"]
[BlackTitle "GM"]
[WhiteElo "2454"]
[BlackElo "2666"]
[WhiteFideId "14104954"]
[BlackFideId "2000024"]
[EventDate "2022.11.12"]

1. d4 f5 2. Nf3 Nf6 3. g3 g6 4. Bg2 Bg7 5. O-O O-O 6. b3 d6 7. Bb2 c6 8. Nbd2 a5
9. c4 Na6 10. a3 Bd7 11. e3 Rb8 12. Rc1 b5 13. c5 Nc7 14. cxd6 exd6 15. Ng5 h6
16. Nh3 Ncd5 17. Nf4 Nxf4 18. gxf4 Rc8 19. Bf3 g5 20. fxg5 hxg5 21. Bg2 Qe7 22.
Qc2 g4 23. Qd3 Rfe8 24. Rfe1 d5 25. Nf1 Ne4 26. Ng3 Qh4 27. Rc2 Kf7 28. Rec1 Rh8
29. Bxe4 Qxh2+ 30. Kf1 fxe4 31. Qc3 Kg6 32. Qxa5 Rhf8 33. Ke1 Qg1+ 34. Nf1 g3
35. Qa7 g2 36. Ke2 Qxf2+ 37. Kd1 gxf1=Q# 0-1

[Event "chess.com SpeedChess Q2Sw"]
[Site "chess.com INT"]
[Date "2022.11.12"]
[Round "1"]
[White "Grycel, Kamil"]
[Black "Jobava, Baadur"]
[Result "0-1"]
[WhiteTitle "FM"]
[BlackTitle "GM"]
[WhiteElo "2315"]
[BlackElo "2578"]
[WhiteFideId "1115499"]
[BlackFideId "13601520"]
[EventDate "2022.11.12"]

1. b3 d5 2. Bb2 c6 3. Nf3 Nf6 4. g3 Bg4 5. Bg2 Nbd7 6. c4 e6 7. O-O Be7 8. d3
O-O 9. Nbd2 a5 10. a3 Re8 11. Qc2 Bf8 12. Bc3 h6 13. Qb2 b5 14. cxb5 cxb5 15. b4
Nb6 16. Bd4 axb4 17. axb4 Nfd7 18. h3 Bxf3 19. Nxf3 Qe7 20. Ra5 Rab8 21. Rb1 e5
22. Bc5 Qe6 23. Bxf8 Rxf8 24. Qa2 Na4 25. Rc1 Qd6 26. Qb3 d4 27. Nd2 Nc3 28.
Rxc3 dxc3 29. Qxc3 Rfc8 30. Qb2 Nf6 31. Nf3 e4 32. dxe4 Nxe4 33. e3 Qd1+ 34. Kh2
Qc2 35. Qe5 Re8 36. Qf4 Qxf2 37. Ra7 Nf6 38. Ne5 Qxf4 39. exf4 Rbc8 40. Nxf7 Re2
41. Nd6 Rcc2 42. h4 Rxg2+ 43. Kh1 Ng4 0-1

[Event "chess.com SpeedChess Q2Sw"]
[Site "chess.com INT"]
[Date "2022.11.12"]
[Round "1"]
[White "Donchenko, Alexander"]
[Black "Kirillov, Dmitry"]
[Result "1-0"]
[WhiteTitle "GM"]
[BlackTitle "FM"]
[WhiteElo "2645"]
[BlackElo "2195"]
[WhiteFideId "24603295"]
[BlackFideId "34180572"]
[EventDate "2022.11.12"]

1. d4 d5 2. c4 e6 3. Nc3 c6 4. e3 f5 5. Nf3 Nf6 6. Bd3 Bd6 7. O-O O-O 8. Ne5
Nbd7 9. cxd5 Nxe5 10. dxe5 Bxe5 11. dxc6 bxc6 12. Bc4 Qe7 13. Qf3 Nd5 14. Bd2
Bxh2+ 15. Kxh2 Qh4+ 16. Kg1 Qxc4 17. Rac1 Qh4 18. Nxd5 cxd5 19. Rc7 Ba6 20. Rfc1
Rac8 21. Rxa7 Rxc1+ 22. Bxc1 Rc8 23. Bd2 Bd3 24. Bc3 Be4 25. Rxg7+ Kf8 26. Qg3
Qxg3 27. Rxg3 Ra8 28. a3 Ra7 29. Rh3 Rb7 30. Rh6 Rb6 31. Rxh7 Rb3 32. f3 Bd3 33.
Kf2 Bc4 34. Rh6 Kf7 35. g4 fxg4 36. fxg4 Rb8 37. g5 Bd3 38. Kg3 Rg8 39. Kf4 Bf5
40. a4 Ra8 41. a5 Bg6 42. b4 Bf5 43. Bd4 Rb8 44. Bb6 Bd3 45. Rf6+ Ke7 46. Bc5+
Kd7 47. Ke5 Bc4 48. Rxe6 d4 49. Rd6+ 1-0

[Event "chess.com SpeedChess Q2Sw"]
[Site "chess.com INT"]
[Date "2022.11.12"]
[Round "1"]
[White "Alahakoon, Isuru"]
[Black "Mardov, Dimitar"]
[Result "0-1"]
[WhiteTitle "FM"]
[BlackTitle "IM"]
[WhiteElo "1984"]
[BlackElo "2432"]
[WhiteFideId "9900993"]
[BlackFideId "30919495"]
[EventDate "2022.11.12"]

1. Nf3 d5 2. e3 Nf6 3. c4 e6 4. b3 Be7 5. Bb2 O-O 6. Nc3 c5 7. Rc1 Nc6 8. cxd5
exd5 9. d4 Bg4 10. Be2 Bxf3 11. Bxf3 cxd4 12. exd4 Rc8 13. O-O Re8 14. Re1 Qd7
15. a3 a6 16. b4 b5 17. Ne2 Bd6 18. Ng3 Bf4 19. Rc2 g6 20. Ne2 Bb8 21. Nc3 Rxe1+
22. Qxe1 Nxd4 23. Nxd5 Nxf3+ 24. gxf3 Nxd5 25. Rd2 Qf5 26. Qd1 Rd8 27. Re2 Qg5+
28. Kf1 Ne3+ 0-1

[Event "chess.com SpeedChess Q2Sw"]
[Site "chess.com INT"]
[Date "2022.11.12"]
[Round "1"]
[White "Larina, Maria"]
[Black "Liyanage, Ranindu Dilshan"]
[Result "0-1"]
[WhiteTitle "WFM"]
[BlackTitle "FM"]
[WhiteElo "1948"]
[BlackElo "2331"]
[WhiteFideId "24113182"]
[BlackFideId "9915834"]
[EventDate "2022.11.12"]

1. e4 c5 2. Nc3 Nc6 3. g3 g6 4. Bg2 d6 5. d3 Bg7 6. Nge2 Nf6 7. O-O Bd7 8. f4 h5
9. h3 Rb8 10. a4 a6 11. Be3 Qc8 12. Kh2 h4 13. f5 gxf5 14. exf5 Bxf5 15. g4 Bxg4
16. Rxf6 Bxe2 17. Qxe2 Bxf6 18. Nd5 Be5+ 19. Kh1 Nd4 20. Bxd4 cxd4 21. c3 e6 22.
cxd4 Bxd4 23. Rf1 Qd8 24. Nf4 Qe7 25. Re1 Be5 26. Qf3 Qf6 27. Re4 Rc8 28. d4
Rc1+ 29. Kh2 Bxd4 30. Nd5 Bg1+ 31. Kh1 Bf2+ 32. Kh2 Bg3+ 33. Qxg3 hxg3+ 34. Kxg3
Qg5+ 0-1

[Event "chess.com SpeedChess Q2Sw"]
[Site "chess.com INT"]
[Date "2022.11.12"]
[Round "1"]
[White "Ter-Sahakyan, Samvel"]
[Black "Manukyan, Sargis V."]
[Result "1-0"]
[WhiteTitle "GM"]
[BlackTitle "FM"]
[WhiteElo "2605"]
[BlackElo "2253"]
[WhiteFideId "13302531"]
[BlackFideId "13303465"]
[EventDate "2022.11.12"]

1. d4 Nf6 2. c4 g6 3. Nc3 d5 4. cxd5 Nxd5 5. Bd2 Bg7 6. e4 Nxc3 7. Bxc3 O-O 8.
Qd2 c5 9. d5 e6 10. Bc4 exd5 11. Bxd5 Nc6 12. Ne2 Qe7 13. O-O Be6 14. Bxg7 Kxg7
15. Bxc6 bxc6 16. Qc3+ Kg8 17. f4 Bg4 18. Ng3 Bc8 19. f5 Ba6 20. Rf2 Rad8 21. f6
Qd6 22. Qe3 Rfe8 23. Re1 Re6 24. e5 Qf8 25. Qf4 Rd4 26. Qg5 Rd5 27. h4 h6 28.
Qf4 Rd4 29. Re4 Rd1+ 30. Kh2 Kh7 31. Re3 Bd3 32. Qf3 Qd8 33. Qxd1 1-0

[Event "chess.com SpeedChess Q2Sw"]
[Site "chess.com INT"]
[Date "2022.11.12"]
[Round "1"]
[White "Azarov, Sergei"]
[Black "Walentukiewicz, Michal"]
[Result "0-1"]
[WhiteTitle "GM"]
[BlackTitle "CM"]
[WhiteElo "2562"]
[BlackElo "2088"]
[WhiteFideId "13501470"]
[BlackFideId "1126903"]
[EventDate "2022.11.12"]

1. e4 c5 2. Nf3 g6 3. d4 Bg7 4. c4 cxd4 5. Nxd4 Nc6 6. Be3 Nf6 7. Nc3 O-O 8. Be2
d6 9. O-O Bd7 10. Nc2 a5 11. b3 Qb8 12. Rc1 Rc8 13. h3 Nb4 14. Qd2 Nxc2 15. Rxc2
a4 16. b4 a3 17. Bd3 Be6 18. Nd5 Bxd5 19. exd5 Qc7 20. Rfc1 Qd8 21. f4 Nd7 22.
Qf2 Bb2 23. Rf1 Nf6 24. f5 Be5 25. Bh6 Ra4 26. g4 Qe8 27. Qd2 Nd7 28. Kg2 Bg7
29. Bf4 Ne5 30. Be2 Raa8 31. Bg3 Rc7 32. c5 Rac8 33. Rfc1 Qd7 34. Bf3 gxf5 35.
c6 bxc6 36. dxc6 Qe6 37. Bxe5 dxe5 38. Bd5 Qf6 39. b5 Rb8 40. Bc4 e6 41. Qd6 Qd8
42. Qxd8+ Rxd8 43. Bb3 Rb8 44. gxf5 exf5 45. Rd2 Bh6 0-1

[Event "chess.com SpeedChess Q2Sw"]
[Site "chess.com INT"]
[Date "2022.11.12"]
[Round "1"]
[White "Johnson, Donald"]
[Black "Kosakowski, Jakub"]
[Result "0-1"]
[WhiteTitle "FM"]
[BlackTitle "IM"]
[WhiteElo "2232"]
[BlackElo "2475"]
[WhiteFideId "30949122"]
[BlackFideId "1185080"]
[EventDate "2022.11.12"]

1. e4 c6 2. d4 d5 3. e5 Bf5 4. Nf3 e6 5. Be2 Ne7 6. O-O c5 7. c4 Nbc6 8. Nc3
dxc4 9. dxc5 Ng6 10. Bxc4 Qxd1 11. Rxd1 Bxc5 12. Bb5 O-O 13. Bxc6 bxc6 14. b3
Bg4 15. Bb2 Bxf3 16. gxf3 Rfd8 17. Ne4 Bb6 18. Rac1 Nh4 19. Rxd8+ Rxd8 20. Kf1
Nxf3 21. Rxc6 Nxh2+ 22. Kg2 Ng4 23. Kg3 h5 24. f3 Nh6 25. Nd6 Nf5+ 26. Nxf5 exf5
27. Kf4 g6 28. e6 fxe6 29. Rxe6 Bc7+ 30. Kg5 Rd6 31. Re8+ Kf7 32. Rh8 Bd8+ 33.
Kh6 Bf6 34. Rh7+ Ke6 35. Bxf6 Kxf6 36. Rxa7 h4 37. Kh7 h3 38. Kg8 Rd8+ 39. Kh7
h2 40. Ra6+ Ke5 41. f4+ Kxf4 42. Rxg6 h1=Q+ 43. Kg7 Qh8+ 44. Kf7 Qf8+ 45. Ke6
Rd6# 0-1

[Event "chess.com SpeedChess Q2Sw"]
[Site "chess.com INT"]
[Date "2022.11.12"]
[Round "1"]
[White "Kazakov, Mikhail"]
[Black "Svane, Frederik"]
[Result "0-1"]
[WhiteTitle "GM"]
[BlackTitle "GM"]
[WhiteElo "2513"]
[BlackElo "2568"]
[WhiteFideId "14102749"]
[BlackFideId "12923044"]
[EventDate "2022.11.12"]

1. e4 c5 2. Nf3 e6 3. d4 cxd4 4. Nxd4 Nc6 5. Nc3 a6 6. Be3 Nf6 7. Bd3 d6 8. O-O
Be7 9. Kh1 O-O 10. f4 e5 11. fxe5 Ng4 12. Bg1 Nxd4 13. Bxd4 Nxe5 14. Nd5 Be6 15.
Nxe7+ Qxe7 16. a4 Rac8 17. Qd2 h6 18. Qf2 Qg5 19. Be3 Qh5 20. Bf4 Rc6 21. Bxe5
dxe5 22. c3 Rd8 23. Be2 Qg5 24. Rad1 Rcd6 25. Rxd6 Rxd6 26. Rd1 Rd2 27. Qe1 Rxd1
28. Qxd1 Qe3 29. Bf3 Bb3 30. Qd8+ Kh7 31. h3 Qc1+ 32. Kh2 Qf4+ 33. Kg1 Bxa4 34.
Qe7 Bc6 35. b4 Qc1+ 36. Kh2 Qf4+ 37. Kg1 g6 38. c4 Kg7 39. b5 axb5 40. cxb5 Bxe4
41. Bxe4 Qxe4 42. Qc5 Qd4+ 43. Qxd4 exd4 44. Kf2 Kf6 45. Kf3 Ke5 46. g3 Kd5 47.
h4 Kc4 48. Ke4 d3 0-1

[Event "chess.com SpeedChess Q2Sw"]
[Site "chess.com INT"]
[Date "2022.11.12"]
[Round "1"]
[White "Akobian, Varuzhan"]
[Black "Guo, Yu Han"]
[Result "1-0"]
[WhiteTitle "GM"]
[BlackTitle "WFM"]
[WhiteElo "2591"]
[BlackElo "1923"]
[WhiteFideId "13300580"]
[BlackFideId "2623870"]
[EventDate "2022.11.12"]

1. d4 d5 2. c4 e6 3. Nc3 Be7 4. cxd5 exd5 5. Bf4 Nf6 6. e3 O-O 7. Bd3 c6 8. Qc2
Be6 9. Nf3 Nbd7 10. Ng5 h6 11. Nxe6 fxe6 12. h3 c5 13. O-O c4 14. Bg6 a6 15. Bg3
b5 16. a3 Qb6 17. Rfe1 Rfc8 18. e4 Nf8 19. exd5 Qxd4 20. Rad1 Qc5 21. dxe6 Nxg6
22. Qxg6 Rf8 23. Be5 a5 24. Nd5 Ne8 25. Nxe7+ Qxe7 26. Rd7 Qg5 27. Qe4 Ra6 28.
f4 Qh4 29. Red1 Nf6 30. Qb7 Nxd7 31. Rxd7 Qe1+ 32. Kh2 1-0

[Event "chess.com SpeedChess Q2Sw"]
[Site "chess.com INT"]
[Date "2022.11.12"]
[Round "1"]
[White "Boruchovsky, Avital"]
[Black "Jegorovas, Aleksandras"]
[Result "1-0"]
[WhiteTitle "GM"]
[BlackTitle "FM"]
[WhiteElo "2552"]
[BlackElo "2270"]
[WhiteFideId "2800055"]
[BlackFideId "12801950"]
[EventDate "2022.11.12"]

1. e4 e6 2. d4 d5 3. Nd2 Be7 4. Ngf3 Nf6 5. e5 Nfd7 6. c3 c5 7. Bd3 Nc6 8. O-O
a5 9. Re1 cxd4 10. cxd4 Qb6 11. Qe2 Nxd4 12. Nxd4 Qxd4 13. Nf3 Qb6 14. Be3 Bc5
15. Bf4 Be7 16. Rac1 O-O 17. Be3 Qb4 18. a3 Qg4 19. Bxh7+ Kxh7 20. Ng5+ Qxg5 21.
Bxg5 Bxg5 22. Rc7 Kg8 23. g3 Bd8 24. Rc3 Bb6 25. h4 Nc5 26. Qc2 Ne4 27. Rxe4
dxe4 28. Qxe4 Rd8 29. Rd3 Rxd3 30. Qxd3 Bc5 31. h5 b6 32. Qd8+ Bf8 33. Qxb6 Bd7
34. Qb7 Rd8 35. Qc7 Be7 36. Kh2 a4 37. g4 Bg5 38. Kg3 Bb5 39. f4 Rd3+ 40. Kg2
Rd2+ 41. Kf3 Be2+ 42. Ke3 Rxb2 43. fxg5 Bxg4 44. h6 Bf5 45. Qe7 Kh7 46. Qxf7 1-0

[Event "chess.com SpeedChess Q2Sw"]
[Site "chess.com INT"]
[Date "2022.11.12"]
[Round "1"]
[White "Chigaev, Maksim"]
[Black "Matamoros Franco, Carlos S."]
[Result "1-0"]
[WhiteTitle "GM"]
[BlackTitle "GM"]
[WhiteElo "2632"]
[BlackElo "2451"]
[WhiteFideId "4108116"]
[BlackFideId "3600017"]
[EventDate "2022.11.12"]

1. e4 e6 2. d4 d5 3. Nc3 Nf6 4. Bg5 Be7 5. e5 Nfd7 6. h4 h6 7. Bxe7 Qxe7 8. Qg4
O-O 9. Nf3 c5 10. dxc5 Nc6 11. Qf4 Qxc5 12. Bd3 f6 13. exf6 Rxf6 14. Qd2 Rb8 15.
O-O-O b5 16. Kb1 b4 17. Ne2 e5 18. Ng3 e4 19. Bxe4 dxe4 20. Nxe4 Qa5 21. Nxf6+
Nxf6 22. Qd6 Rb6 23. Nd2 Ra6 24. a3 bxa3 25. Qxa3 Qf5 26. Qd3 Qa5 27. Nb3 Qa4
28. Rhe1 Nb4 29. Qc4+ 1-0

[Event "chess.com SpeedChess Q2Sw"]
[Site "chess.com INT"]
[Date "2022.11.12"]
[Round "1"]
[White "Klukin, Kirill"]
[Black "Bortnyk, Olexandr"]
[Result "0-1"]
[WhiteTitle "IM"]
[BlackTitle "GM"]
[WhiteElo "2390"]
[BlackElo "2604"]
[WhiteFideId "24199273"]
[BlackFideId "14120828"]
[EventDate "2022.11.12"]

1. d4 d6 2. Nf3 Nf6 3. Bf4 b6 4. e3 Bb7 5. h3 Nbd7 6. Be2 e6 7. O-O Be7 8. c3 h6
9. a4 g5 10. Bg3 a6 11. Re1 g4 12. hxg4 Nxg4 13. e4 Rg8 14. Nbd2 h5 15. Nh2 Ndf6
16. e5 dxe5 17. dxe5 Nxe5 18. Ndf3 Qxd1 19. Raxd1 Nxf3+ 20. Bxf3 Bxf3 21. Nxf3
Rc8 22. Ne5 Bd6 23. Bh4 Nd7 24. Nc4 Rg4 25. Nxd6+ cxd6 26. Bg3 Rxa4 27. Rxd6 b5
28. Red1 Nf6 29. Re1 Rd8 30. Rb6 Rd5 31. b4 Ra2 32. Bh4 Nd7 33. Rb7 Kf8 34. Re3
Ne5 35. Bf6 Rd1+ 36. Kh2 Ng4+ 37. Kg3 Nxf6 38. Rf3 Ne4+ 39. Kh2 Nd6 40. Rd7 Rad2 0-1

[Event "chess.com SpeedChess Q2Sw"]
[Site "chess.com INT"]
[Date "2022.11.12"]
[Round "1"]
[White "Yeletsky, Ivan"]
[Black "Eynullayev, Atilla"]
[Result "0-1"]
[WhiteTitle "FM"]
[BlackTitle "FM"]
[WhiteElo "2491"]
[BlackElo "2281"]
[WhiteFideId "24180327"]
[BlackFideId "13413570"]
[EventDate "2022.11.12"]

1. d4 Nf6 2. c4 e6 3. Nc3 Bb4 4. a3 Bxc3+ 5. bxc3 c5 6. e3 Nc6 7. Bd3 b6 8. Ne2
O-O 9. e4 Ne8 10. O-O Ba6 11. Ng3 cxd4 12. cxd4 Nxd4 13. Bb2 e5 14. f4 d6 15.
Nf5 Nxf5 16. exf5 Bb7 17. fxe5 Qg5 18. Qc2 dxe5 19. Bxe5 Rd8 20. Bf4 Qxg2+ 21.
Qxg2 Bxg2 22. Rfd1 Bf3 23. Rd2 Nf6 24. Rf1 Bg4 25. Rff2 Rd7 26. Bc2 Rfd8 27.
Rxd7 Rxd7 28. Be5 Bd1 29. Bb1 Ng4 30. Bc3 Nxf2 31. Kxf2 Bb3 32. f6 g6 33. Be4
Bxc4 34. Ke3 Bd5 35. Bd3 h5 36. Bb5 Rd8 37. Be5 Be6 38. Kf4 Kf8 39. Bc7 Rc8 40.
Bd6+ Kg8 41. Kg5 Kh7 42. Be7 Rc3 43. Kf4 Rh3 44. Ke5 Rxh2 45. Be8 Re2+ 46. Kd6
h4 47. Kc7 h3 48. Bb5 Rc2+ 49. Kb8 h2 50. Bc6 Rxc6 0-1

[Event "chess.com SpeedChess Q2Sw"]
[Site "chess.com INT"]
[Date "2022.11.12"]
[Round "1"]
[White "Han, Yichen"]
[Black "Bok, Benjamin"]
[Result "0-1"]
[WhiteTitle "FM"]
[BlackTitle "GM"]
[WhiteElo "2423"]
[BlackElo "2618"]
[WhiteFideId "1054430"]
[BlackFideId "1017063"]
[EventDate "2022.11.12"]

1. d4 Nf6 2. Nf3 d5 3. c4 e6 4. Nc3 c6 5. g3 dxc4 6. Bg2 b5 7. Ne5 a6 8. O-O Bb7
9. b3 cxb3 10. Qxb3 Qxd4 11. Bf4 Be7 12. Rfd1 Qb4 13. Qc2 O-O 14. a4 Qc5 15. Nd3
Qb6 16. axb5 axb5 17. Be3 Qd8 18. Rxa8 Bxa8 19. Nxb5 cxb5 20. Bxa8 Nbd7 21. Bg2
b4 22. Qb3 Qa5 23. Bd4 Rb8 24. Ra1 Qb5 25. Rb1 h6 26. Bc3 Qa6 27. Bd2 Nc5 28.
Nxc5 Bxc5 29. Bf4 Rd8 30. Rc1 Qxe2 31. Bf1 Qxf2+ 0-1

[Event "chess.com SpeedChess Q2Sw"]
[Site "chess.com INT"]
[Date "2022.11.12"]
[Round "1"]
[White "Samadov, Read"]
[Black "Mouhamad, Joachim"]
[Result "1/2-1/2"]
[WhiteTitle "FM"]
[BlackTitle "FM"]
[WhiteElo "2450"]
[BlackElo "2266"]
[WhiteFideId "13417444"]
[BlackFideId "656410"]
[EventDate "2022.11.12"]

1. d4 d5 2. c4 e6 3. Nf3 a6 4. g3 dxc4 5. Bg2 Nc6 6. O-O Rb8 7. e4 b5 8. d5 Nb4
9. Nc3 Nd3 10. Bg5 Be7 11. Nd4 Bd7 12. dxe6 fxe6 13. Bxe7 Qxe7 14. b3 Qc5 15.
Nce2 e5 16. Nf5 Bxf5 17. exf5 Nf6 18. bxc4 bxc4 19. Qa4+ Kf7 20. Qxa6 Rb6 21.
Qa7 Ng4 22. h3 Ngxf2 23. Kh2 h5 24. a4 Ng4+ 25. Kh1 Ndf2+ 26. Rxf2 Nxf2+ 27. Kh2
Ng4+ 28. Kh1 Nf2+ 29. Kh2 Ng4+ 30. Kh1 Nf2+ 1/2-1/2

[Event "chess.com SpeedChess Q2Sw"]
[Site "chess.com INT"]
[Date "2022.11.12"]
[Round "1"]
[White "Mika, Tomasz"]
[Black "Yanchenko, Roman"]
[Result "0-1"]
[WhiteTitle "CM"]
[BlackTitle "FM"]
[WhiteElo "2185"]
[BlackElo "2467"]
[WhiteFideId "1132970"]
[BlackFideId "4137329"]
[EventDate "2022.11.12"]

1. Nf3 d5 2. c4 c6 3. b3 Nf6 4. Bb2 Bf5 5. g3 e6 6. Bg2 Nbd7 7. d3 Bb4+ 8. Nbd2
O-O 9. O-O h6 10. a3 Ba5 11. b4 Bc7 12. Re1 Qe7 13. e4 dxe4 14. dxe4 Bg4 15. h3
Bxf3 16. Nxf3 Rfd8 17. Qc2 e5 18. Nh4 g6 19. Bc1 Kg7 20. Be3 a5 21. c5 Nf8 22.
Qc1 Ng8 23. Qc2 Ne6 24. Qe2 Nf6 25. Rad1 axb4 26. axb4 Rxd1 27. Rxd1 Rd8 28. Ra1
Nd4 29. Qc4 b5 30. cxb6 Bxb6 31. Ra6 Qb7 32. Nf3 Nxf3+ 33. Bxf3 Bxe3 34. fxe3
Rd6 35. h4 h5 36. Ra1 Qd7 37. Qf1 Rd2 38. Rc1 Rb2 39. Bg2 Qd2 40. Rc5 Qxe3+ 41.
Kh1 Ng4 42. Rxc6 Qxg3 43. Qxf7+ 0-1

[Event "chess.com SpeedChess Q2Sw"]
[Site "chess.com INT"]
[Date "2022.11.12"]
[Round "1"]
[White "Terry, Renato"]
[Black "Hamley, Ryan"]
[Result "1-0"]
[WhiteTitle "IM"]
[WhiteElo "2516"]
[BlackElo "2080"]
[WhiteFideId "3803457"]
[BlackFideId "30959497"]
[EventDate "2022.11.12"]

1. d4 Nf6 2. Nf3 e6 3. c4 d5 4. e3 Be7 5. b3 O-O 6. Bd3 c5 7. dxc5 Bxc5 8. O-O
Nc6 9. a3 Be7 10. Bb2 b6 11. Nbd2 Bb7 12. Rc1 Rc8 13. Qe2 Qc7 14. cxd5 Nxd5 15.
Ne4 h6 16. Ne5 Qd8 17. Nc4 b5 18. Ncd2 a6 19. Nc5 Qb6 20. Nd7 Qc7 21. Nxf8 Bxf8
22. Ne4 Qb6 23. b4 a5 24. bxa5 Nxa5 25. Rxc8 Bxc8 26. Bxb5 Bb7 27. a4 Nb3 28.
Rd1 Nc7 29. Nf6+ gxf6 30. Qg4+ Kh7 31. Rd8 Qc5 32. Bd3+ f5 33. Qg3 Nd5 34. Qb8
Kg8 35. Qxb7 Nxe3 36. Qxb3 Nd5 37. Rxd5 exd5 38. Qc3 1-0